000 00844nam a2200265 a 4500
005 20200104041515.0
008 140221b1998 ck ||||| |||| 00| 0 spa d
040 _aCO-BoIAVH
_cCO-BoIAVH
041 _aspa
044 _ack
090 _aLB
_b00755
110 _bBoyacá (Colombia). Gobernación de Boyacá. Secretaría de Agricultura
_99093
245 _aPlan de desarrollo agropecuario
260 _aTunja
_bGobernación de Boyaca
_c1998
300 _a31 p.
650 _aDesarrollo agropecuario
_96726
650 _aTenencia de tierras
_94530
650 _aIncentivos económicos
_942233
650 _aSistemas de producción agropecuarios
_93701
650 _aRecursos naturales renovables
_942234
650 _aDesarrollo sostenible
_9278
650 _aEducación ambiental
_9162
662 _aColombia
_bBoyacá
942 _cINFORME
_2z
999 _c769
_d769